MARC

LEADER 00000nam0a2200000 4500
001 24452
005 20231030200223.0
010 |a 5931960198 
035 |a (RuTPU)RU\TPU\book\24680 
035 |a BOOK00024753 
090 |a 24452 
100 |a 20011209d2000 k y0rusy50 ca 
101 0 |a rus 
102 |a RU 
105 |a a z 000zy 
200 1 |a Применение статических компенсаторов реактивной мощности в электрических сетях энергосистем и предприятий  |f В. И. Кочкин, О. П. Нечаев 
210 |a Москва  |c НЦ ЭНАС  |d 2000 
215 |a 248 с.  |c ил. 
610 1 |a электрические сети 
610 1 |a энергосистемы 
610 1 |a электроснабжение предприятий 
610 1 |a реактивная мощность 
610 1 |a применение 
610 1 |a напряжение 
610 1 |a пропускная способность 
610 1 |a компенсирующие устройства 
610 1 |a коммутационные перенапряжения 
610 1 |a эксплуатация 
610 1 |a шуптирующие реакторы 
610 1 |a приложения 
675 |a 621.315.027  |v 3 
675 |a 658.26:621.31  |v 3 
700 1 |a Кочкин  |b В. И.  |g Валерий Иванович 
701 1 |a Нечаев  |b О. П.  |g Олег Павлович 
801 0 |a RU  |b 63413507  |c 20011209  |g PSBO 
801 2 |a RU  |b 63413507  |c 20091130  |g PSBO 
942 |c BK